[Event "Steinfurt Bezirksliga 1819"]
[Site "Germany"]
[Date "2019.05.04"]
[Round "10.8"]
[White "Barlage, Stefan"]
[Black "Edenfeld, Werner"]
[Result "0-1"]
[WhiteElo "1125"]
[BlackElo "1301"]
[PlyCount "106"]
[EventDate "2018.09.01"]
[EventType "team-tourn"]
[EventRounds "10"]
[EventCountry "GER"]
[SourceTitle "EXT 2020"]
[Source "ChessBase"]
[SourceDate "2019.10.17"]
[SourceVersion "1"]
[SourceVersionDate "2019.10.17"]
[SourceQuality "1"]
[WhiteTeam "Neuenkirchen"]
[BlackTeam "Steinfurt III"]
[WhiteTeamCountry "GER"]
[BlackTeamCountry "GER"]

1. e4 e5 2. Nf3 Nc6 3. d4 exd4 4. Nxd4 Nxd4 5. Qxd4 Qf6 6. Qe3 d6 7. Nc3 Ne7 8. Bc4 a6 9. 0-0 b5 10. Bd5 c6 11. Bb3 Be6 12. h3 Bxb3 13. axb3 Nc8 14. Re1 Be7 15. Qf4 Qxf4 16. Bxf4 0-0 17. Na2 c5 18. c4 b4 19. e5 dxe5 20. Rxe5 Bd6 21. Re4 Bxf4 22. Rxf4 f5 23. Nc1 Nd6 24. Nd3 Ne4 25. f3 g5 26. Rxe4 fxe4 27. fxe4 Rad8 28. Nxc5 Rc8 29. Ne6 Rf6 30. Nxg5 h6 31. e5 Rf5 32. Nf3 Ra8 33. Ra4 a5 34. c5 Rff8 35. c6 Rfe8 36. Kf2 Ra6 37. c7 Rc8 38. e6 Rxc7 39. Nd4 Kf8 40. Kg3 Rc5 41. Kf3 Ke7 42. Ra1 Rd6 43. Ne2 Kxe6 44. Nf4+ Kf6 45. Re1 Rc2 46. Re2 Rxe2 47. Kxe2 Kf5 48. g3 Ke4 49. h4 Rd8 50. Ne6 Rg8 51. Kf2 Kd3 52. Nc5+ Kc2 53. Nb7 Kxb3 0-1

[Event "Steinfurt Bezirksliga 1718"]
[Site "Germany"]
[Date "2018.03.17"]
[Round "6.7"]
[White "Holtmannspoetter, Michael"]
[Black "Edenfeld, Werner"]
[Result "1/2-1/2"]
[WhiteElo "1593"]
[BlackElo "1280"]
[PlyCount "58"]
[EventDate "2017.09.23"]
[EventType "team-tourn"]
[EventRounds "7"]
[EventCountry "GER"]
[SourceTitle "EXT 2019"]
[Source "ChessBase"]
[SourceDate "2018.10.10"]
[SourceVersion "1"]
[SourceVersionDate "2018.10.10"]
[SourceQuality "1"]
[WhiteTeam "Reckenfeld"]
[BlackTeam "Steinfurt III"]
[WhiteTeamCountry "GER"]
[BlackTeamCountry "GER"]

1. e4 e5 2. Nf3 d6 3. c3 Nf6 4. d3 Nc6 5. h3 h6 6. Be3 a6 7. Be2 Bd7 8. 0-0 Be7 9. Nbd2 Qc8 10. Kh2 g5 11. Ng1 d5 12. f3 d4 13. Bf2 h5 14. g3 g4 15. h4 gxf3 16. Bxf3 Bg4 17. Nb3 Bxf3 18. Qxf3 Ng4+ 19. Kh1 Qe6 20. cxd4 Nxf2+ 21. Qxf2 Nxd4 22. Nxd4 exd4 23. Qxd4 Rg8 24. Rf3 Qd6 25. Qxd6 Bxd6 26. Ne2 c5 27. Raf1 0-0-0 28. Kg2 Be5 29. b3 f6 1/2-1/2

[Event "Steinfurt Bezirksliga 1718"]
[Site "Germany"]
[Date "2018.01.13"]
[Round "4.7"]
[White "Edenfeld, Werner"]
[Black "Thiele, Simon"]
[Result "1-0"]
[WhiteElo "1280"]
[BlackElo "1275"]
[PlyCount "83"]
[EventDate "2017.09.23"]
[EventType "team-tourn"]
[EventRounds "7"]
[EventCountry "GER"]
[SourceTitle "EXT 2019"]
[Source "ChessBase"]
[SourceDate "2018.10.10"]
[SourceVersion "1"]
[SourceVersionDate "2018.10.10"]
[SourceQuality "1"]
[WhiteTeam "Steinfurt III"]
[BlackTeam "Emsdetten Rochade V"]
[WhiteTeamCountry "GER"]
[BlackTeamCountry "GER"]

1. Nf3 Nc6 2. e4 e5 3. Nc3 Nf6 4. a3 d6 5. h3 g6 6. Bc4 Bg7 7. Ng5 0-0 8. d3 Nd4 9. 0-0 c6 10. Be3 d5 11. exd5 cxd5 12. Ba2 Nc6 13. Bc5 Ne7 14. Re1 Nd7 15. Bxe7 Qxe7 16. Nf3 Qd6 17. Rb1 d4 18. Ne4 Qc6 19. b4 a6 20. Qc1 Nb6 21. c4 Be6 22. Bb3 Nd7 23. Qd1 b5 24. c5 a5 25. Nd6 axb4 26. Bxe6 fxe6 27. axb4 Ra3 28. Ng5 Rf6 29. Nge4 Rf8 30. Rb3 Ra4 31. Re2 Rfa8 32. Reb2 Ra1 33. Rb1 R1a4 34. Ng5 Qd5 35. Qf3 Qxf3 36. Nxf3 Ra1 37. Nxb5 Rxb1+ 38. Rxb1 Nb8 39. Nc7 Ra3 40. Nxe6 Nd7 41. c6 Nb6 42. Nxe5 1-0

[Event "Steinfurt Bezirksliga 1415"]
[Site "Germany"]
[Date "2015.05.09"]
[Round "9.7"]
[White "Edenfeld, Werner"]
[Black "Pohlmeier, Ulrich"]
[Result "1/2-1/2"]
[WhiteElo "1134"]
[BlackElo "1605"]
[PlyCount "44"]
[EventDate "2014.09.06"]
[EventType "team-tourn"]
[EventRounds "9"]
[EventCountry "GER"]
[SourceTitle "EXT 2016"]
[Source "ChessBase"]
[SourceDate "2015.10.08"]
[SourceVersion "1"]
[SourceVersionDate "2015.10.08"]
[SourceQuality "1"]
[WhiteTeam "Steinfurt III"]
[BlackTeam "Rheine Klein Berlin II"]
[WhiteTeamCountry "GER"]
[BlackTeamCountry "GER"]

1. Nf3 d6 2. e4 g6 3. d4 Bg7 4. c3 Nd7 5. Be2 c5 6. Be3 cxd4 7. Nxd4 Ngf6 8. Nd2 0-0 9. 0-0 a6 10. f4 Nc5 11. Qc2 Bd7 12. f5 Rc8 13. fxg6 fxg6 14. h3 Qc7 15. Bf3 e5 16. N4b3 Ne6 17. Qd1 Bc6 18. Qe1 Bb5 19. Be2 Bxe2 20. Qxe2 Nh5 21. Qg4 Nef4 22. Kh2 Nd3 1/2-1/2

[Event "Steinfurt Bezirksliga 1415"]
[Site "Germany"]
[Date "2014.09.06"]
[Round "1.6"]
[White "Edenfeld, Werner"]
[Black "Puke, Carolin"]
[Result "0-1"]
[WhiteElo "1134"]
[BlackElo "1528"]
[PlyCount "66"]
[EventDate "2014.09.06"]
[EventType "team-tourn"]
[EventRounds "9"]
[EventCountry "GER"]
[SourceTitle "EXT 2016"]
[Source "ChessBase"]
[SourceDate "2015.10.08"]
[SourceVersion "1"]
[SourceVersionDate "2015.10.08"]
[SourceQuality "1"]
[WhiteTeam "Steinfurt III"]
[BlackTeam "Steinfurt II"]
[WhiteTeamCountry "GER"]
[BlackTeamCountry "GER"]

1. d3 e5 2. e4 Nf6 3. Nc3 c6 4. h3 d5 5. exd5 Nxd5 6. Nxd5 cxd5 7. b3 Bb4+ 8. Bd2 Bc5 9. c3 0-0 10. Nf3 Qf6 11. Be3 d4 12. cxd4 exd4 13. Bd2 Re8+ 14. Be2 Qe7 15. Kf1 Nc6 16. Ng5 Bf5 17. g4 Bd7 18. Bf3 f6 19. Ne4 Ne5 20. Be2 Bc6 21. f3 Bxe4 22. fxe4 Rac8 23. Kg2 Ng6 24. Rf1 Qe5 25. Qe1 Bd6 26. Rh1 Rc2 27. Rd1 Rxa2 28. h4 Rc8 29. h5 Nf4+ 30. Bxf4 Qxf4 31. Qf2 Qxf2+ 32. Kxf2 Rcc2 33. Rhe1 Bb4 0-1

[Event "Steinfurt Bezirksklasse 1314"]
[Site "Germany"]
[Date "2014.05.03"]
[Round "8.1"]
[White "Edenfeld, Werner"]
[Black "Terhorst, Timo"]
[Result "1/2-1/2"]
[WhiteElo "1160"]
[BlackElo "1654"]
[PlyCount "58"]
[EventDate "2013.10.05"]
[EventType "team-tourn"]
[EventRounds "9"]
[EventCountry "GER"]
[SourceTitle "EXT 2015"]
[Source "ChessBase"]
[SourceDate "2014.11.20"]
[SourceVersion "1"]
[SourceVersionDate "2014.11.20"]
[SourceQuality "1"]
[WhiteTeam "Steinfurt IV"]
[BlackTeam "Rheine SG"]
[WhiteTeamCountry "GER"]
[BlackTeamCountry "GER"]

1. e4 e6 2. d4 d5 3. e5 c5 4. Nf3 Qb6 5. b3 Nc6 6. c3 cxd4 7. Bd2 dxc3 8. Nxc3 Bb4 9. Na4 Bxd2+ 10. Qxd2 Qb4 11. Qxb4 Nxb4 12. Kd2 Ne7 13. a3 Nbc6 14. Bb5 0-0 15. Nc5 b6 16. Nd3 Bb7 17. b4 Rac8 18. Rac1 a6 19. Bxc6 Bxc6 20. Nd4 Bd7 21. f4 Rc4 22. Rxc4 dxc4 23. Nf2 Nd5 24. g3 Rc8 25. Rc1 b5 26. Ne4 Bc6 27. Nxc6 Rxc6 28. Nc5 a5 29. Rb1 axb4 1/2-1/2

[Event "Steinfurt Bezirksklasse 1314"]
[Site "Germany"]
[Date "2014.01.18"]
[Round "4.1"]
[White "Edenfeld, Werner"]
[Black "Wernsmann, Rolf"]
[Result "0-1"]
[WhiteElo "1160"]
[BlackElo "1744"]
[PlyCount "46"]
[EventDate "2013.10.05"]
[EventType "team-tourn"]
[EventRounds "9"]
[EventCountry "GER"]
[SourceTitle "EXT 2015"]
[Source "ChessBase"]
[SourceDate "2014.11.20"]
[SourceVersion "1"]
[SourceVersionDate "2014.11.20"]
[SourceQuality "1"]
[WhiteTeam "Steinfurt IV"]
[BlackTeam "Rheine CC"]
[WhiteTeamCountry "GER"]
[BlackTeamCountry "GER"]

1. d4 d6 2. g3 Nf6 3. Bg2 g6 4. Nc3 Bg7 5. e3 c6 6. Bd2 0-0 7. b4 a5 8. bxa5 Rxa5 9. Ne4 Nxe4 10. Bxe4 Ra8 11. Bg2 Be6 12. c3 Rxa2 13. Rxa2 Bxa2 14. Nf3 Bc4 15. h4 Qa5 16. Bf1 Bxf1 17. Kxf1 Nd7 18. Qb3 Qf5 19. Nh2 Qd3+ 20. Ke1 Ra8 21. Qb2 Nb6 22. f4 Nc4 23. Qc1 Ra1 0-1